MARC details
| 000 -LEADER |
| campo de control de longitud fija |
02001nkc a22003257a 4500 |
| 001 - NÚMERO DE CONTROL |
| campo de control |
85801 |
| 005 - FECHA Y HORA DE LA ÚLTIMA TRANSACCIÓN |
| campo de control |
20260420104544.0 |
| 007 - CAMPO FIJO DE DESCRIPCIÓN FÍSICA--INFORMACIÓN GENERAL |
| campo de control de longitud fija |
kh boc |
| 008 - DATOS DE LONGITUD FIJA--INFORMACIÓN GENERAL |
| campo de control de longitud fija |
260415s18801920sp ||||| |||| |0| i|spa d |
| 040 ## - FUENTE DE CATALOGACIÓN |
| Centro catalogador/agencia de origen |
M-RABA |
| Lengua de catalogación |
spa |
| Centro/agencia transcriptor |
M-RABA |
| 245 01 - MENCIÓN DEL TÍTULO |
| Título |
[Portadas de iglesias |
| Resto del título |
: románico y transición al gótico] |
| Medio |
[Material gráfico] |
| 260 ## - PUBLICACIÓN, DISTRIBUCIÓN, ETC. |
| Fecha de publicación, distribución, etc. |
[ca.1880-1920] |
| 300 ## - DESCRIPCIÓN FÍSICA |
| Extensión |
4 fotografías |
| Otras características físicas |
: aristotipo |
| Dimensiones |
; imagen 23,5 x 16,5 cm |
| -- |
; soporte secundario 29,5 x 21,5 cm |
| 500 00 - NOTA GENERAL |
| Nota general |
Conjunto de 4 fotografías que representan diferentes arcos y portadas de iglesias románicas y góticas en España. |
| 500 00 - NOTA GENERAL |
| Nota general |
Mención de responsabilidad impresa en el soporte secundario de Fot-642 "Álvarez". |
| 500 00 - NOTA GENERAL |
| Nota general |
Nota manuscrita a tinta al verso : "Segovia. Sª Juan?" (Fot-641) |
| 500 00 - NOTA GENERAL |
| Nota general |
Fechas tomadas del periodo de actividad de la técnica. |
| 505 ## - NOTA DE CONTENIDO CON FORMATO |
| Nota de contenido con formato |
Fot-641: Iglesia de San Juan de los Caballeros (Segovia); Fot-642: Portada del antiguo Monasterio de Villanueva (Covadonga). |
| 610 27 - PUNTO DE ACCESO ADICIONAL DE MATERIA--NOMBRE DE ENTIDAD CORPORATIVA |
| Nombre de entidad corporativa o nombre de jurisdicción como elemento de entrada |
Iglesia de San Juan de los Caballeros ( |
| Sede del congreso/Lugar de la reunión |
Segovia, España) |
| 9 (RLIN) |
33275 |
| 610 27 - PUNTO DE ACCESO ADICIONAL DE MATERIA--NOMBRE DE ENTIDAD CORPORATIVA |
| Nombre de entidad corporativa o nombre de jurisdicción como elemento de entrada |
Monasterio de San Pedro ( |
| Sede del congreso/Lugar de la reunión |
Villanueva, España) |
| 9 (RLIN) |
27351 |
| 651 #7 - PUNTO DE ACCESO ADICIONAL DE MATERIA--NOMBRE GEOGRÁFICO |
| Nombre geográfico |
Segovia |
| Fuente del encabezamiento o término |
embne |
| 9 (RLIN) |
75467 |
| 651 #7 - PUNTO DE ACCESO ADICIONAL DE MATERIA--NOMBRE GEOGRÁFICO |
| Nombre geográfico |
Covadonga (Asturias, España) |
| 9 (RLIN) |
74883 |
| 655 #0 - TERMINO DE INDIZACIÓN--GENERO/FORMA |
| Datos o término principal de género/forma |
Fotografías de monumentos |
| 9 (RLIN) |
111580 |
| 852 ## - LOCALIZACIÓN |
| Número de control de estantería |
Fot-641; Fot-642; Fot-643; Fot-644 |
| 856 ## - LOCALIZACIÓN Y ACCESO ELECTRÓNICOS |
| Identificador Uniforme de Recurso |
<a href="https://archivoybiblioteca.realacademiabellasartessanfernando.com/cgi-bin/koha/opac-retrieve-file.pl?id=8b358282d5e89e30c84cb62eedda4a4f">https://archivoybiblioteca.realacademiabellasartessanfernando.com/cgi-bin/koha/opac-retrieve-file.pl?id=8b358282d5e89e30c84cb62eedda4a4f</a> |
| Texto de enlace |
Fot-641 |
| 856 ## - LOCALIZACIÓN Y ACCESO ELECTRÓNICOS |
| Identificador Uniforme de Recurso |
<a href="https://archivoybiblioteca.realacademiabellasartessanfernando.com/cgi-bin/koha/opac-retrieve-file.pl?id=e6583df48a14bf43cf05d69bafdd3d50">https://archivoybiblioteca.realacademiabellasartessanfernando.com/cgi-bin/koha/opac-retrieve-file.pl?id=e6583df48a14bf43cf05d69bafdd3d50</a> |
| Texto de enlace |
Fot-642 |
| 856 ## - LOCALIZACIÓN Y ACCESO ELECTRÓNICOS |
| Identificador Uniforme de Recurso |
<a href="https://archivoybiblioteca.realacademiabellasartessanfernando.com/cgi-bin/koha/opac-retrieve-file.pl?id=a60196b8fb169a0aa0f501498e22f0d5">https://archivoybiblioteca.realacademiabellasartessanfernando.com/cgi-bin/koha/opac-retrieve-file.pl?id=a60196b8fb169a0aa0f501498e22f0d5</a> |
| Texto de enlace |
Fot-643 |
| 856 ## - LOCALIZACIÓN Y ACCESO ELECTRÓNICOS |
| Identificador Uniforme de Recurso |
<a href="https://archivoybiblioteca.realacademiabellasartessanfernando.com/cgi-bin/koha/opac-retrieve-file.pl?id=53023484147c18e3f440cb5d90afb1bc">https://archivoybiblioteca.realacademiabellasartessanfernando.com/cgi-bin/koha/opac-retrieve-file.pl?id=53023484147c18e3f440cb5d90afb1bc</a> |
| Texto de enlace |
Fot-644 |
| 942 ## - ELEMENTOS DE ENTRADA SECUNDARIOS (KOHA) |
| Tipo de ítem Koha |
Fotografías |
| Suprimir en OPAC |
No |